000
00280nam a22001097a 4500
082
_a
621.902 APP
100
_a
PDF
_9
56879
245
_a
APPLIANCES AND SPECIAL TOOLS FOR MAINTENANCE AND REPAIR OF SOVIET AUTOMOBILES
260
_a
MOSCOW
_b
PDF
_c
1969
300
_a
330P
942
_c
BK
999
_c
580163
_d
580163